Islamic Occasionalism (Record no. 2681)

MARC details
000 -LEADER
fixed length control field 00581nam a2200241 a 4500
020 ## - INTERNATIONAL STANDARD BOOK NUMBER
ISBN
082 00 - DEWEY DECIMAL CLASSIFICATION NUMBER
Classification number 181.07
Author Cutter FAK
100 ## - MAIN ENTRY--AUTHOR NAME
Author name Fakhry, M
245 ## - TITLE STATEMENT
Title Islamic Occasionalism
260 ## - PUBLICATION, DISTRIBUTION, ETC. (IMPRINT)
Place of publication London
Name of publisher George Allen and Unwin Ltd
Year of publication 1958
300 ## - PHYSICAL DESCRIPTION
Number of Pages 220p
500 ## - GENERAL NOTE
General note includes index and biblioraphy
505 2# - FORMATTED CONTENTS NOTE
Formatted contents note Bibliographt, Index
650 ## - SUBJECT ADDED ENTRY--TOPICAL TERM
Topical Term Philosophy-Islamic
942 ## - ADDED ENTRY ELEMENTS (KOHA)
Koha item type Books
700 1# -
-- Fakhry, M
Holdings
Home library Current library Date acquired Cost, normal purchase price Full call number Accession Number Koha item type
Henry Martyn Institute Library Henry Martyn Institute Library 07/31/2007 100.00 181.07 FAK 01104 E-Books
                   Copyright © 2026 | Henry Martyn Institute | Hyderabad | TS-500052 | INDIA | Implemented by hmi.edu.in
Hit-Count:

Powered by Koha